| 000 | 00823nam a22002297a 4500 | ||
|---|---|---|---|
| 005 | 20101207111612.0 | ||
| 008 | 101207t xxu||||| |||| 00| 0 eng d | ||
| 010 | _aENG-101774 | ||
| 020 |
_a9780198068662 _c675.00 |
||
| 020 |
_a0198068662 _c675.00 |
||
| 035 | _aEN-85307 | ||
| 037 | _bDBAD/PUB | ||
| 040 |
_adpl _bEng |
||
| 100 |
_aDas,S.K. _924631 |
||
| 245 |
_aBuilding a world -class civil service for twenty first century India _cby S.K.Das |
||
| 260 |
_aNew Delhi _bOxford University Press _c2010 |
||
| 270 |
_aYMCA Liobrary Building, Jai Singh Road _bNew Delhi _e110001 |
||
| 300 |
_axvi,269p. _c24cm (Hb) |
||
| 500 | _aIncludes bibliographical references and index | ||
| 942 |
_2ddc _cEN _mDAS |
||
| 999 |
_c49000 _d49000 |
||